Statistics for Biggest Metro areas in Mexico (UPDATED 2023)

Click here to take the quiz!

General Stats

  • This quiz has been taken 1,031 times
  • The average score is 14 of 30

Answer Stats

HintAnswer% Correct
21.8Mexico City
100%
5.2Guadalajara
96%
5.3Monterrey
92%
2.1Tijuana
88%
0.93Cancún
85%
3.2Puebla-Tlaxcala
75%
1.5Ciudad Juárez
71%
1.3Mérida
64%
0.85Acapulco
62%
1.9León
58%
0.98Chihuahua
56%
0.71Oaxaca
56%
0.93Veracruz
55%
1Mexicalli
51%
2.3Toluca
46%
1.1Aguascalientes
41%
1.2San Luis Potosí
41%
1.6Querétaro
39%
1.4La Laguna
30%
0.93Hermosillo
25%
0.98Morelia
24%
0.92Tampico
24%
1Saltillo
23%
1Cuernavaca
21%
0.85Tuxtla Gutiérrez
21%
0.83Reynosa
20%
0.83Villahermosa
20%
0.79Xalapa
17%
1Culiacán
14%
0.76Celaya
12%

Score Distribution

Percentile by Number Answered

Percent of People with Each Score

Your Score History

You have not taken this quiz